000 00567nam a2200181Ia 4500
003 GCL
008 140319s9999 xx 000 0 ara d
040 _aGCL /
_cGCL
082 0 4 _a811.082
_bا ح
100 1 _aاحمد عنتر مصطفى
245 1 0 _aحكاية المدائن المعلقة : شعر /
_cاحمد عنتر مصطفى
300 _a181 ص
490 _a
650 0 4 _aالشعر الحماسى
650 0 4 _aالشعر العربى - دواوين وقصائد
650 0 4 _aالشعر العربى - العصر الحديث
942 _2ddc
_cBK
999 _c40024
_d40024